[Event "GER-ch Net qual3 U18"]
[Site "Playchess.com INT"]
[Date "2012.09.08"]
[Round "6"]
[White "Wenninger, Patrick"]
[Black "Schaefer, Ann Kathrin"]
[Result "0-1"]
[WhiteElo "1513"]
[BlackElo "1479"]
[PlyCount "120"]
[EventDate "2012.09.08"]
[EventType "swiss (blitz)"]
[EventRounds "7"]
[EventCountry "GER"]
[SourceTitle "CBM 150 Extra"]
[Source "ChessBase"]
[SourceDate "2012.10.19"]
[SourceVersion "1"]
[SourceVersionDate "2012.10.19"]
[SourceQuality "1"]

1. e4 e6 2. d4 d5 3. Nd2 dxe4 4. Nxe4 Qd5 5. Nc3 Bb4 6. Be3 Bd7 7. Nf3 Bb5 8. Bxb5+ Qxb5 9. Qe2 Qxe2+ 10. Kxe2 Nc6 11. Ne4 0-0-0 12. c3 Be7 13. Rad1 Nf6 14. Nxf6 Bxf6 15. Bg5 Bxg5 16. Nxg5 Rd7 17. Rd2 h6 18. Ne4 Na5 19. Nc5 Rd5 20. b3 Nc6 21. Rhd1 Ne7 22. c4 Rd6 23. Ne4 Rdd8 24. f4 Nf5 25. g3 Rd7 26. g4 Nd6 27. Nc5 Re7 28. Nd3 Ne4 29. Rc2 Rd8 30. Ne5 f6 31. Ng6 Red7 32. Ke3 f5 33. gxf5 exf5 34. Ne5 Re7 35. d5 g5 36. Rg2 g4 37. Rd3 h5 38. Rg1 h4 39. Rgd1 Rd6 40. c5 Nxc5 41. Rc3 b6 42. b4 Ne4 43. Rc4 Nf6 44. Rcd4 Nd7 45. Kf2 Nxe5 46. fxe5 Rxe5 47. a4 Rd7 48. d6 Re4 49. Rd5 Rf4+ 50. Kg2 Rxd6 51. Rxd6 cxd6 52. Rxd6 Rxb4 53. Rh6 h3+ 54. Kg3 Rxa4 55. Rf6 Ra5 56. Kf4 Kd7 57. Rxf5 Rxf5+ 58. Kxf5 g3 59. Kg4 gxh2 60. Kxh3 h1Q+ 0-1

[Event "GER-ch U18 Girls"]
[Site "Oberhof"]
[Date "2012.05.31"]
[Round "7"]
[White "Nolte, Katharina"]
[Black "Schaefer, Ann Kathrin"]
[Result "1-0"]
[WhiteElo "1507"]
[BlackElo "1711"]
[PlyCount "35"]
[EventDate "2012.05.27"]
[EventType "swiss"]
[EventRounds "9"]
[EventCountry "GER"]
[SourceTitle "CBM 148 Extra"]
[Source "ChessBase"]
[SourceDate "2012.06.22"]
[SourceVersion "1"]
[SourceVersionDate "2012.06.22"]
[SourceQuality "1"]

1. e4 e6 2. Nc3 d5 3. Nf3 Nf6 4. e5 Nfd7 5. d4 c5 6. Bg5 Be7 7. Bxe7 Qxe7 8. Nb5 Qd8 9. Nd6+ Kf8 10. Qd2 Nc6 11. Ng5 Qa5 12. Qxa5 Nxa5 13. Ngxf7 Rg8 14. dxc5 Nxc5 15. b4 Nd7 16. bxa5 Nc5 17. Bd3 g6 18. 0-0 1-0